Представление документа в формате RUSMARC

ПолеНазваниеЗначение
  Тип записи a
  Библиографический уровень m
001 Контрольный номер RU/SLIB/B/208732161
005 Дата корректировки 20201206204025.9
010 Индекс ISBN __
a ISBN 5-9263-0010-x
d Цена 35-00
101 Язык документа __
a Язык текста rus
c Язык оригинала rus
200 Заглавие и сведения об ответственности 0_
a Заглавие Современное планирование и дизайн дачного участка
f Первые сведения об ответственности С. А. Мишин
b Общее обозначение материала Текст
210 Выходные данные __
a Место издания СПб.
c Издательство Регата
c Издательство Литера
d Дата издания 2000
215 Физическое описание __
a Объем 383 с.
330 Аннотация __
a Аннотация Издание посвящено благоустройству дачных домов и участков. Рассказано о строительных материалах, имеющихся в продаже, искусству фэн-шуй, приведены юридические аспекты землевладения.
606 Тематические рубрики __
a Основная рубрика Легкая промышленность
606 Тематические рубрики __
a Основная рубрика Строительство
606 Тематические рубрики __
a Основная рубрика Домоводство
606 Тематические рубрики __
a Основная рубрика Жилищное строительство
610 Ключевые слова __
a Ключевые слова строительные материалы; заборы; водоемы; газоны; огороды; бассейны; землепользование; зимние сады; альпинарии; беседки; биотуалеты; фэн-шуй; дачные участки; строительство дачи; дизайн садов; благоустройство участков; озеленение участков; планировка участков
686 Индексы других классификаций __
a Классификационный индекс 37.279
686 Индексы других классификаций __
a Классификационный индекс 38.711
700 Автор _1
a Фамилия Мишин
b Имя С. А.
4 Код отношения 070
801 Источник записи _0
a Страна RU
b Организация Муниципальное бюджетное учреждение культуры "Централизованная библиотечная система" г. Сургут (Центральная городская библиотека им. А. С. Пушкина)
g Правила каталогизации КиК/Котельникова
801 Источник записи _1
a Страна RU
b Организация Муниципальное бюджетное учреждение культуры "Централизованная библиотечная система" г. Сургут (Центральная городская библиотека им. А. С. Пушкина)
g Правила каталогизации КиК/Котельникова
852 Данные о местонахождении __
j Шифр хранения 37.279
c Каталожный индекс 37.279; 38.711
i Авторский знак М 71
901 Тип документа __
t Тип документа m
903 Характеристики (МАРС) __
a Дата передачи 20021127
990 Данные о заказе (DOS) __
j Количество экземпляров (DOS) 3
t N записи в КСУ для И/У (DOS) 200212